| 000 | 00816cam a2200289 4500 | ||
|---|---|---|---|
| 008 | 090401t1995 xxu||||| |||| 00| 0 eng d | ||
| 020 | _a0950791911 | ||
| 035 | _a(Sirsi) u52394 | ||
| 041 | _aeng | ||
| 050 | _a695 | ||
| 100 | _aMarch, Francis | ||
| 245 | _aFlat roofing : a guide to good practce. | ||
| 250 | _a3rd ed. | ||
| 260 |
_aLondon _bRIBA Publications Ltd. _c1995 |
||
| 300 | _av,195p. : ill. ; 30cm. | ||
| 350 | _a27.5 | ||
| 520 | _aPrevious editions produced by Tarmac Building Products Limited. | ||
| 650 | _aBUILT ENVIRONMENT-CONSTRUCTION DESIGN | ||
| 650 | _aBUILT-UP ROOFING | ||
| 650 | _aFLAT ROOFS | ||
| 650 | _aMASTIC ASPHALT | ||
| 690 | _aBUILT ENVIRONMENT-CONSTRUCTION DESIGN | ||
| 700 | _aRoy, David | ||
| 710 |
_aRuberoid PLC _93226 |
||
| 942 | _n0 | ||
| 948 | _c04/03/1997 | ||
| 999 |
_c93056 _d93056 |
||